00773nam a2200217Ia 4500003000900000008004100009020001800050040001600068080001600084100002400100245012900124260003800253300001400291490004400305650002500349650001900374650002000393942000700413999001500420952012000435IN-BaIIA211028s9999 xx 000 0 eng d a0-471-86776-4 cIIA Library a535.64bNAS aNassau, Kurt913311 4aThe physics and chemistry of colorbthe fifteen causes of colorcKurt Nassau  aNew YorkbJohn Wiley & Sonsc1983 axx, 454p. aWiley series in pure and applied optics aColour vision913312 aNASA thesaurus aPhysical optics cBK c7893d7893 00104070aBANbBANcGENd1984-07-05g443.00l0o535.64/ NASp8716r2021-11-05v443.00w1984-07-05yBKGRs. 443.00